[Event "IECG TE.2006.P.02117"]
[Site "IECG email"]
[Date "2006.03.17"]
[Round "?"]
[White "Uroz, Rodrigo"]
[Black "Hallas, John"]
[Result "1-0"]
[WhiteElo "800"]
[BlackElo "1241"]
[PlyCount "36"]
[EventDate "2006.03.17"]
[EventType "tourn (corr)"]
[EventRounds "2"]
[SourceTitle "Corr 2008"]
[Source "ChessBase"]
[SourceDate "2008.06.24"]
[SourceVersion "1"]
[SourceVersionDate "2008.06.24"]
[SourceQuality "1"]

1. e4 c5 2. f4 e5 3. Nf3 exf4 4. Bc4 Nc6 5. d3 g5 6. Qd2 Nh6 7. Nc3 g4 8. Ng1 f3 9. gxf3 gxf3 10. Nxf3 f6 11. Nd5 d6 12. Qf4 Ng4 13. h3 Nge5 14. Nxf6+ Ke7 15. Be3 Nxc4 16. dxc4 Bg7 17. Nd5+ Ke8 18. 0-0-0 Na5 1-0